Rozlúčka s Máriou

Bibliographic Details
Main Author: -JKš- (Author)
Format: Article
Language:Slovak
PhysicalDescription:Fot. 1.
Subjects:

MARC

LEADER 00000nab a2200000 a 4500
001 vtls000276795
003 SK-MaSNL
005 20260303205733.0
008 111130c1987 xo 0 slo
015 |a SNBRB19rr/mm-uuuuu 
035 |a CL0286913 
040 |a SNKBUCL  |b slo  |c SNKBUCL  |e AACR2 
041 0 |a slo 
044 |a xo  |c SK 
080 |a 82:7.097  |2 1981 
080 |a 7.097  |2 1981 
080 |a 885.4  |2 1981 
100 0 |a -JKš-  |4 aut  |9 889144 
245 1 0 |a Rozlúčka s Máriou  |c -JKš- 
300 |b Fot. 1. 
600 1 7 |a Zelinka, Milan,  |d 1942-  |t Rozlúčka s Máriou  |2 snkbucl  |9 1240689 
610 2 7 |a Československá televízia  |2 snkbucl  |9 215938 
650 0 7 |a televízne inscenácie  |2 snkbucl  |9 2919 
655 7 |a články z novín a časopisov  |2 snkbucl  |9 267496 
655 7 |a články z odboru literárna veda a krásna literatúra  |2 snkbucl  |9 770045 
773 0 |t Televízia  |g Roč. 22, č. 15 (1987), s. 9 
850 |a Slovenská národná knižnica v Martine  |a MTA001 
852 |a SNK  |b KIS3GCP 
958 |a RK 
958 |a LX 
992 |a RBX 
999 |c 2196913  |d 2198843